000 00456ntaaa2200181 4500
003 01
005 20251027202053.0
008 0714s1973 ag 01
040 _aAR-BaBN
_bspa
_cAR-BaBN
_eaacr
_dRIC
082 _a252.0000 F711
100 _aFord, W. Herschel
245 _aSimple sermons on the great christian doctrines
250 _a1 ed.
260 _aNashville :
_bBroadman Press,
_c1951
300 _a137 p
650 _asermones
_9362
942 _cBK
999 _c15525
_d15525